Score 0/24 Timer 03:00
0 Plays Today
Hint _ _ C _ _ % Correct
Kevin: Footloose actorBacon
94.1%
Fantasy/Horror movie: Hocus _____Pocus
93.3%
Popular name for an Academy AwardOscar
91.5%
Sylvester Stallone characterRocky
89.7%
Nicholson, White and LemmonJacks
83.4%
Scratchy's T.V. foeItchy
82%
Cagney's T.V. partnerLacey
81.4%
_____ LibreNacho
78.7%
Buck or FesterUncle
78.1%
The _____ of Life (Sitcom)Facts
77.9%
Technological center at Walt Disney WorldEpcot
77.2%
Braff, Galifianakis and McGowanZachs
73.6%
Hint _ _ C _ _ % Correct
Mr B. DeMilleCecil
71.1%
Geico _____ (or Gex)Gecko
70.2%
Like Penelope Pitstop's 'Races'Wacky
59%
The _____ of Dibley (or Wakefield)Vicar
58.2%
Stanley: The Lovely Bones actorTucci
56.8%
The Wolf of Wall Street gift vesselYacht
55.6%
Teenage _____ (2016 movie)Kicks
50.5%
Summoning Charm (Harry Potter)Accio
46.6%
Record label that rejected The BeatlesDecca
43.4%
Bones in Star TrekMcCoy
43.3%
Stand-up comedian BillHicks
34.4%
Manuel actor in Fawlty TowersSachs
20.5%
Remove Ads.
Support Sporcle.
Get the best of Sporcle when you Go Orange. This ad-free experience offers more features, more stats, and more fun while also helping to support Sporcle. Thank you for becoming a member.

You're not logged in!

Compare scores with friends on all Sporcle quizzes.
OR
Log In

Sporcle TV

Today on Sporcle TV


Watch our educational content, quiz creation guides, and fun videos on Sporcle TV.

Show Comments

Extras

Top Quizzes Today


Score Distribution

Paid Content

Your Account Isn't Verified!

In order to create a playlist on Sporcle, you need to verify the email address you used during registration. Go to your Sporcle Settings to finish the process.

Report this User

Report this user for behavior that violates our Community Guidelines.

Details: